| 000 | 00843nam a2200253 i 4500 | ||
|---|---|---|---|
| 001 | 11342 | ||
| 003 | ES-MaACL | ||
| 005 | 20250718234740.0 | ||
| 007 | t| | ||
| 008 | 960418s1995 sp f |||| | spa d | ||
| 020 | _a84-7423-728-9 | ||
| 080 | _a972.91 | ||
| 100 | 1 |
_aMoreno Fraginals, Manuel. _983372 |
|
| 245 | 1 | 0 |
_aCuba / España, España / Cuba : _bhistoria común / _cManuel Moreno Fraginals ; presentación de Josep Fontana. |
| 260 |
_aBarcelona : _bCrítica, _c[1995] |
||
| 300 |
_a310 p., [16] p. de lám. ; _c24 cm. |
||
| 490 | 1 | _aSerie mayor | |
| 651 | 4 |
_aCuba- _xSituación social- _vHistoria. _9167682 |
|
| 651 | 4 |
_aCuba- _xSituación económica- _vHistoria. _9159173 |
|
| 700 | 1 |
_aFontana, Josep, _d1931-2018 _951600 |
|
| 830 | 1 |
_aSerie mayor _9177793 |
|
| 852 |
_aES-MaACL _jL-18675 |
||
| 999 |
_c11342 _d11342 |
||